| 000 | 01066nam a2200265 i 4500 | ||
|---|---|---|---|
| 001 | 8277 | ||
| 003 | KOSZ 005 | ||
| 005 | 20200219090506.0 | ||
| 008 | 170701s1963 pl a f 000 0 pol | ||
| 040 |
_aWA N _cKOSZ 005/RW _dKOSZ 005/RW |
||
| 080 | _a69:657 | ||
| 100 | 1 |
_aPszenicki, Maksymilian _d(1914-1986). _eAutor. |
|
| 245 | 1 | 0 |
_aNormy i ceny kosztorysowe w budownictwie / _cMaksymilian Pszenicki. |
| 260 |
_aWarszawa : _b "Arkady", _c1963. |
||
| 300 |
_a167, [1] s. : _bil. ; _c24 cm. |
||
| 380 | _aKsiążki | ||
| 504 | _aBibliogr. s. 166-[168]. | ||
| 521 | 8 | _aDla inżynierów i ekonomistów, dla pracowników służb inwestycyjnych, biur projektowych, instytutów naukowo-badawczych oraz dla studentów wyższych szkół technicznych i ekonomicznych. | |
| 650 | 4 |
_aBudownictwo _xekonomika. |
|
| 655 | 4 | _aPodręcznik | |
| 650 | 4 | _aKalkulacja kosztów | |
| 710 | 2 |
_aWydawnictwo "Arkady". _4pbl. |
|
| 856 |
_uhttp://koha.tu.koszalin.pl/cgi-bin/koha/opac-detail.pl?biblionumber=8277 _yKatalog online BPK |
||
| 942 |
_2UKD _cKS |
||
| 999 |
_c8277 _d8277 |
||